[Event "8th Ostroda Open"]
[Site "Ostroda POL"]
[Date "2011.08.05"]
[Round "3.9"]
[White "Pham,Juliusz"]
[Black "Zielinski,Mac"]
[Result "0-1"]
[WhiteElo "1638"]
[BlackElo "2060"]

1.d4 Nf6 2.Bg5 c5 3.c3 cxd4 4.cxd4 Ne4 5.Bf4 d5 6.e3 Qa5+ 7.Nd2 e5 8.Rc1 Bg4
9.f3 Nxd2 10.Qxd2 Bb4 11.Rc3 exf4 12.fxg4 O-O 13.exf4 Qxa2 14.Bd3 Re8+ 15.Kf2 Bxc3
16.Qxc3 Nd7 17.Nf3 Rac8 18.Qd2 Nf6 19.h3 Ne4+ 20.Bxe4 dxe4 21.Ne5 f6 22.Re1 fxe5
23.fxe5 Qd5 24.Kg1 Rxe5 25.Qe3 Ree8  0-1

[Event "7th Gazi-Heraklion Open"]
[Site "Heraklion GER"]
[Date "2011.08.06"]
[Round "1"]
[White "Gratseas,S"]
[Black "Lampsas,Georgios"]
[Result "1-0"]
[WhiteElo "2195"]
[BlackElo "1702"]

1.d4 Nf6 2.Bg5 g6 3.Nd2 Bg7 4.e4 d6 5.Ngf3 Bg4 6.h3 Bxf3 7.Qxf3 Nbd7 8.Bc4 c6
9.O-O O-O 10.Bb3 b5 11.Rfe1 e5 12.dxe5 Nxe5 13.Qe2 Qb6 14.Rad1 c5 15.c3 c4
16.Bc2 Nfd7 17.Nf1 Nc5 18.Be3 Qa6 19.Bxc5 dxc5 20.a3 Rad8 21.Ne3 b4 22.Nd5 bxc3
23.bxc3 Nd3 24.Bxd3 cxd3 25.Qxd3 Qxd3 26.Rxd3 c4 27.Rdd1 Rb8 28.e5 Rb3 29.Rd4 Rfb8
30.f4 Bf8 31.Rxc4 Rxa3 32.Re2 a5 33.Rc7 Bg7 34.c4 a4 35.c5 Ra1+ 36.Kf2 a3
37.c6 Rb2 38.Ra7 Bf8 39.Ra8 Raa2 40.Nc3 Rxe2+ 41.Nxe2 Rc2 42.Ra6 Be7 43.Ke3 Kg7
44.Kd3 Rc5 45.Nd4 Rc1 46.f5 f6 47.e6 g5 48.Ra7 Kh6 49.Nb3  1-0

[Event "Winsoft Cup IM1"]
[Site "Olomouc CZE"]
[Date "2011.08.06"]
[Round "4"]
[White "Wiley,To"]
[Black "Obsivac,J"]
[Result "1/2-1/2"]
[WhiteElo "2306"]
[BlackElo "2273"]

1.d4 Nf6 2.Bg5 c5 3.Bxf6 gxf6 4.d5 Qb6 5.Qc1 f5 6.g3 Qh6 7.Qxh6 Bxh6 8.e3 d6
9.a4 Bg7 10.c3 Nd7 11.Ne2 Nf6 12.Bg2 e6 13.Nf4 Ke7 14.O-O Rb8 15.Na3 Rd8
16.Rfd1 Bh6 17.b4 cxb4 18.cxb4 Bd7 19.Nb5 e5 20.Ne2 a6 21.Nbc3 Rdc8 22.Rdb1 Rc4
23.Ra3 Rbc8 24.a5 Ne4 25.Rbb3 R8c7 26.Nxe4 fxe4 27.Nc3 f5 28.Bf1 f4 29.Bxc4 Rxc4
30.exf4 exf4 31.gxf4 Bxf4 32.Ra2 Bg4 33.Ne2 Be5 34.b5 Rc5 35.bxa6 bxa6 36.Rb1 Rxd5
37.Ng3 Bf3 38.Ra4 Bxg3 39.fxg3 Rd2 40.Ra3 Rg2+ 41.Kf1 Rxh2 42.Rb6 Kf6 43.Rc3 Ra2
44.Rcc6 Rd2 45.Rc1 Ke5 46.Re1 h5 47.Rxa6 Ra2 48.Ra8 Kd4 49.a6 e3 50.Re8 Be4
51.Rh8 Rxa6 52.Rxh5 Bd3+ 53.Kg1 Ra2 54.Rh4+ Be4 55.Rf4 d5 56.g4 Rg2+ 57.Kf1 Rh2
58.g5 Rh1+ 59.Ke2 Rh2+ 60.Kf1 Rh1+ 61.Ke2 Rh2+ 62.Kf1  1/2-1/2

[Event "Politiken Cup"]
[Site "Helsingor DEN"]
[Date "2011.08.07"]
[Round "10.94"]
[White "Hoel,J"]
[Black "Bratholm,P"]
[Result "1/2-1/2"]
[WhiteElo "1851"]
[BlackElo "2111"]

1.d4 Nf6 2.Bg5 d5 3.Bxf6 exf6 4.e3 Bf5 5.Nd2 Nc6 6.a3 a6 7.c4 dxc4 8.Bxc4 Bg6
9.Ngf3 Bh5 10.O-O Bd6 11.b4 O-O 12.Qc2 Ne7 13.Bd3 Bg6 14.Nh4 Bxd3 15.Qxd3 c5
16.bxc5 Bxc5 17.Nf5 Qd7 18.Nxe7+ Bxe7 19.Nc4 Bc5 20.a4 b5 21.axb5 axb5 22.Na5 Bb6
23.Nb3 Ra4 24.Rfc1 Rfa8 25.Qc3 f5 26.g3 g6 27.Nc5 Bxc5 28.dxc5 Qc6 29.Rxa4 bxa4
30.Ra1 Rc8 31.Qb4 Qxc5 32.Qxc5 Rxc5 33.Rxa4  1/2-1/2

[Event "ch-SLO w 2011"]
[Site "Ljubljana SLO"]
[Date "2011.08.07"]
[Round "2"]
[White "Kolaric,S"]
[Black "Biti,A"]
[Result "1-0"]
[WhiteElo "2045"]
[BlackElo "2074"]

1.d4 Nf6 2.Bg5 g6 3.Bxf6 exf6 4.e3 Bg7 5.g3 O-O 6.Bg2 d5 7.Ne2 Bg4 8.O-O c6
9.Nd2 Qc8 10.c4 dxc4 11.Nxc4 Qe6 12.Qc2 Bxe2 13.Qxe2 f5 14.Rfd1 Rd8 15.Qc2 Na6
16.Qb3 Rd7 17.Na5 Qxb3 18.Nxb3 Rad8 19.Rdc1 Nb4 20.Nc5 Rc7 21.a3 Nd5 22.b4 g5
23.Bxd5 Rxd5 24.Nd3 Re7 25.Rab1 Bh6 26.Rc5 Red7 27.b5 Bf8 28.bxc6 bxc6 29.Rxc6 Bxa3
30.Ne5 Re7 31.Nc4 f4 32.gxf4 gxf4 33.exf4 Rxd4 34.Nxa3 Rxf4 35.Rc4 Rf6 36.Rg4+ Rg6
37.Rxg6+ hxg6 38.Rb5 Kg7 39.Ra5 Kh6 40.Ra6 Rb7 41.Kg2 Kg5 42.Ra5+ f5 43.Nb5 a6
44.Nd6 Rb6 45.Ne4+ Kf4 46.Nc5 Rb5 47.Ra4+ Ke5 48.Nd3+ Kf6 49.Rxa6+ Kg5 50.h4+ Kxh4
51.Rxg6 Ra5 52.Kf3 Ra3 53.Kf4 Kh5 54.Rg3  1-0

[Event "9th Davos Open"]
[Site "Davos SUI"]
[Date "2011.08.09"]
[Round "3.1"]
[White "Turner,Ma"]
[Black "Salvetti,A"]
[Result "1-0"]
[WhiteElo "2516"]
[BlackElo "2241"]

1.d4 d5 2.Bg5 Nf6 3.e3 Nbd7 4.Nf3 c6 5.Nbd2 Qa5 6.a3 b5 7.Bd3 e6 8.O-O Bd6
9.Bxf6 Nxf6 10.Ne5 Qc7 11.f4 Bb7 12.Qe1 g6 13.Qh4 Be7 14.Qh3 O-O 15.Ndf3 Ne4
16.Bxe4 dxe4 17.Ng5 Bxg5 18.fxg5 c5 19.c3 Rad8 20.Qh6 Rd5 21.Ng4 f5 22.gxf6 Rh5
23.f7+ Rxf7 24.Rxf7 Qxf7 25.Qxh5  1-0

[Event "9th ch-EU Youth U14"]
[Site "Mureck AUT"]
[Date "2011.08.09"]
[Round "7"]
[White "Petr,Ja2"]
[Black "Stremavicius,T"]
[Result "1/2-1/2"]
[WhiteElo "1944"]
[BlackElo "2094"]

1.d4 Nf6 2.Bg5 g6 3.Bxf6 exf6 4.e3 Bg7 5.Bd3 d6 6.Ne2 Nd7 7.Nd2 f5 8.c3 Nf6
9.Qc2 Bd7 10.O-O-O c6 11.Kb1 d5 12.Nf4 b5 13.Rde1 Qc7 14.Nb3 Bf8 15.f3 Bd6
16.h4 h5 17.g3 O-O-O 18.Nc5 Qb6 19.b4 Bxc5 20.dxc5 Qa6 21.Ne2 Qa3 22.Qb3 Qxb3+
23.axb3 Rhe8 24.Nd4 Re7 25.Kc2 Rde8 26.Kd2 a6 27.Re2 Kb7 28.Ra1 Bc8 29.Ree1 Bd7
30.Ra5 Ra8 31.Rea1 Be8 32.R5a2  1/2-1/2

[Event "4th Sabadell Open A"]
[Site "Sabadell ESP"]
[Date "2011.08.10"]
[Round "1"]
[White "Fernandez Diaz,Cr"]
[Black "Munoz Pantoja,M"]
[Result "0-1"]
[WhiteElo "2134"]
[BlackElo "2482"]

1.d4 Nf6 2.Bg5 g6 3.Bxf6 exf6 4.c4 Bg7 5.Nc3 O-O 6.e3 f5 7.Nge2 d6 8.g3 Nd7
9.Bg2 Re8 10.O-O h5 11.b4 h4 12.b5 hxg3 13.hxg3 Nf6 14.Qd3 Ng4 15.Nd5 Bd7
16.Rab1 c6 17.Nb4 Rc8 18.a4 Qg5 19.Rfd1 Qh6 20.a5 d5 21.cxd5 cxb5 22.Rbc1 Rxc1
23.Nxc1 Bf8 24.Nca2 Bd6 25.Nc2 a6 26.Nab4 Qh2+ 27.Kf1 Nxf2 28.Kxf2 Bxg3+
29.Kf1 f4 30.e4 Bh3 31.Qf3 Qh1+ 32.Ke2 Qxg2+ 33.Qxg2 Bxg2 34.e5 f6 35.e6 Rd8
36.Ne3 fxe3 37.Rg1 Bd6 38.Kxe3 Bxb4 39.Rxg2 Kg7  0-1

[Event "9th Davos Open"]
[Site "Davos SUI"]
[Date "2011.08.11"]
[Round "5.8"]
[White "Bigg,A"]
[Black "Cittadini,D"]
[Result "1-0"]
[WhiteElo "2316"]
[BlackElo "1991"]

1.d4 Nf6 2.Bg5 g6 3.Bxf6 exf6 4.g3 f5 5.e3 d5 6.Bg2 Qd6 7.Nd2 Bg7 8.Ne2 Nd7
9.O-O O-O 10.b3 Nf6 11.c4 Be6 12.Qc2 Qe7 13.Rac1 c6 14.cxd5 Bxd5 15.Nf4 Bxg2
16.Kxg2 Rfe8 17.Qc5 Ne4 18.Qxe7 Rxe7 19.Rfd1 Rd8 20.Nd3 Nxd2 21.Rxd2 Bf8
22.Rdc2 Red7 23.Rc4 f6 24.h4 Kf7 25.b4 Bd6 26.a4 a6 27.R4c3 h5 28.Rb3 Re7
29.Kf3 Rdd7 30.b5 cxb5 31.axb5 axb5 32.Rxb5 Rc7 33.Rcb1 Red7 34.Nc1 Be7 35.Nb3 Rc3
36.Kg2 Bd6 37.Na5 Ke7 38.Nxb7 Ba3 39.R1b3 Rxb3 40.Rxb3 Bd6 41.Kf3 Rc7 42.Rb6 Ba3
43.Na5 Kf7 44.Nc6 Rd7 45.Ra6 Bd6 46.Ke2 g5 47.Kf3 Bf8 48.hxg5  1-0

[Event "9th Davos Open"]
[Site "Davos SUI"]
[Date "2011.08.12"]
[Round "6.6"]
[White "Bigg,A"]
[Black "Scheidegger,U"]
[Result "1-0"]
[WhiteElo "2316"]
[BlackElo "1915"]

1.d4 Nf6 2.Bg5 d5 3.Bxf6 exf6 4.e3 Bf5 5.Bd3 Bxd3 6.Qxd3 c6 7.Ne2 Qb6 8.Qb3 Na6
9.Nd2 Bd6 10.O-O O-O 11.a3 Qxb3 12.Nxb3 b6 13.Rac1 b5 14.Na5 Rfc8 15.g3 Rab8
16.c3 Be7 17.b4 Bd8 18.Nb3 Bb6 19.Ra1 Nc7 20.a4 a6 21.Ra2 Ra8 22.Rfa1 f5
23.Nf4 Kf8 24.axb5 axb5 25.Nd3 f6 26.Na5 Bxa5 27.bxa5 Na6 28.Nb4 Ke7 29.Kg2 Kd6
30.Kf3 h5 31.h4 g6 32.Rb2 Ra7 33.Ke2 Rca8 34.Kd3 c5 35.Nxa6 Rxa6 36.Rxb5 c4+
37.Kc2 Kc6 38.Rc5+ Kd6 39.Ra4 R8a7 40.Kb2 Rb7+ 41.Rb4 Rba7 42.Rbb5  1-0

[Event "23rd Jirasek Mem GM"]
[Site "Rakovnik CZE"]
[Date "2011.08.12"]
[Round "8.1"]
[White "Cech,P"]
[Black "Cvek,R"]
[Result "1/2-1/2"]
[WhiteElo "2377"]
[BlackElo "2506"]

1.d4 Nf6 2.Bg5 d5 3.Nd2 c6 4.e3 Bf5 5.Bd3 Bxd3 6.cxd3 e6 7.Ngf3 Be7 8.O-O O-O
9.Ne5 Nfd7 10.Nxd7 Nxd7 11.Bf4 Qb6 12.Qb3 Rfc8 13.Rfc1 g5 14.Bg3 Qxb3 15.Nxb3 c5
16.dxc5 Nxc5 17.Nxc5 Bxc5 18.Rc2 Rc6 19.Rac1 Rac8 20.Be5  1/2-1/2

[Event "Botvinnik 100th Open"]
[Site "St Petersburg RUS"]
[Date "2011.08.12"]
[Round "1"]
[White "Sichinava,Z"]
[Black "Martynenko,Al"]
[Result "1-0"]
[WhiteElo "2364"]
[BlackElo "2015"]

1.d4 d5 2.Bg5 Nf6 3.Nd2 e6 4.e3 c5 5.c3 Nc6 6.f4 cxd4 7.cxd4 Be7 8.Bxf6 Bxf6
9.Ngf3 Qb6 10.Rb1 Bd7 11.b4 O-O 12.h4 a5 13.b5 Na7 14.a4 Nc8 15.Nb3 Be7 16.Bd3 Bb4+
17.Kf2 f6 18.Qc2 f5 19.Nc5 Be8 20.Ne5 Bxc5 21.dxc5 Qd8 22.Qc3 Ne7 23.h5 h6
24.Qd4 Kh7 25.Rh3 Ng8 26.g4 Rc8 27.Rg1 Qe7 28.gxf5 exf5 29.Rhg3 Kh8 30.Rxg7 Qh4+
31.R7g3 Nf6 32.Nf3 Qxh5 33.Qxf6+  1-0

[Event "e2e4 Int Masters C"]
[Site "Sunningdale ENG"]
[Date "2011.08.12"]
[Round "5"]
[White "Gormally,D"]
[Black "Kriebel,T"]
[Result "1/2-1/2"]
[WhiteElo "2519"]
[BlackElo "2343"]

1.d4 Nf6 2.Bg5 d5 3.Nd2 g6 4.Bxf6 exf6 5.e3 Bg7 6.g3 O-O 7.Bg2 c6 8.Ne2 Nd7
9.O-O f5 10.c4 Nf6 11.cxd5 Nxd5 12.Nc3 Be6 13.Nxd5 Bxd5 14.Bxd5 Qxd5 15.Qb3 Qd7
16.Rfd1 Rfd8 17.Rac1 Rac8 18.Nf3 Qe7 19.d5 cxd5 20.Rxc8 Rxc8 21.Rxd5 Bf6
22.Kg2  1/2-1/2

[Event "27th Faaker See Open"]
[Site "Latschach AUT"]
[Date "2011.08.13"]
[Round "1"]
[White "Kukov,V"]
[Black "Melcher,J"]
[Result "1-0"]
[WhiteElo "2377"]
[BlackElo "1868"]

1.d4 Nf6 2.Bg5 d5 3.Bxf6 exf6 4.e3 Bd6 5.c4 c6 6.cxd5 Bb4+ 7.Nc3 Qxd5 8.Ne2 Be6
9.a3 Bxc3+ 10.Nxc3 Qb3 11.Qxb3 Bxb3 12.Ne4 b6 13.Rc1 O-O 14.Bd3 Bd5 15.O-O f5
16.Ng3 g6 17.Ne2 Nd7 18.Nf4 Nf6 19.Nxd5 cxd5 20.Rc7 Rfc8 21.Rfc1 Rxc7 22.Rxc7 Kg7
23.Bb5 a6 24.Bc6 Rb8 25.Kf1 g5 26.Ke2 h5 27.Ba4 b5 28.Bc2 f4 29.exf4 Re8+
30.Kd2 Ne4+ 31.Bxe4 Rxe4 32.Kd3 Rxf4 33.f3 h4 34.h3 Rf6 35.Rd7 Rf5 36.Rd6 g4
37.hxg4 h3 38.gxh3 Rxf3+ 39.Kd2 Rxh3 40.Rxa6 Rg3 41.Rd6 Rxg4 42.Rxd5 Kg6
43.Kc3 f5 44.Rxb5 f4 45.Kd3 f3 46.Ke3 Rf4 47.Kf2  1-0

[Event "23rd Jirasek Mem OpA"]
[Site "Rakovnik CZE"]
[Date "2011.08.13"]
[Round "9"]
[White "Zboril,J"]
[Black "Masek,J"]
[Result "0-1"]
[WhiteElo "1989"]
[BlackElo "1966"]

1.d4 Nf6 2.Bg5 d5 3.Bxf6 exf6 4.e3 Nc6 5.c4 Bf5 6.Nc3 Bb4 7.Nf3 O-O 8.Bd3 Ne7
9.O-O Bxc3 10.bxc3 dxc4 11.Bxc4 c6 12.Bd3 Bxd3 13.Qxd3 Ng6 14.c4 Qd7 15.Rfd1 b6
16.a4 Rad8 17.Qb3 Qe7 18.h3 Rfe8 19.Rdc1 f5 20.c5 f4 21.cxb6 fxe3 22.fxe3 axb6
23.Rxc6 Rb8 24.Rb1 Qe4 25.Rbc1 Ne7 26.Rc7 Nd5 27.Rd7 Qxe3+ 28.Qxe3 Nxe3 29.Rcc7 Rbc8
30.Re7 Nd5 31.Rxe8+ Rxe8 32.Rc6 f6 33.a5 bxa5 34.Rc5 Nf4 35.Kf1 Ra8 36.Rc3 a4
37.Ra3 Kf7 38.Nd2 Ke6 39.Nc4 Nd5 40.Kf2 Kd7 41.Nb2 Nb6 42.Nd3 Kd6 43.Nb4 Ra5
44.Ra2 Rb5 45.Nd3 Kd5 46.Ke3 Rb3 47.Ke2 Kxd4 48.Nc1 Rc3 49.Kd1 Kc4 50.Re2 a3
51.Re7 Rg3 52.Rc7+ Kb5 53.Rc2 Nc4 54.Re2 Rxg2  0-1

[Event "Etapa Recife CBX"]
[Site "Recife BRA"]
[Date "2011.08.13"]
[Round "6"]
[White "Stamenkovic,Dr"]
[Black "Lima,Lu"]
[Result "1-0"]
[WhiteElo "2383"]
[BlackElo "1980"]

1.d4 Nf6 2.Bg5 d5 3.Nf3 e6 4.e3 Be7 5.c4 c6 6.Nc3 Nbd7 7.Bd3 h6 8.Bh4 Qb6
9.Qe2 c5 10.cxd5 exd5 11.O-O O-O 12.Rac1 a6 13.dxc5 Nxc5 14.Bxf6 Bxf6 15.Nxd5 Qd6
16.Nxf6+ gxf6 17.Bb1 b6 18.Rfd1 Qe7 19.Nd4 Re8 20.Qf3 Ne4 21.Bxe4 Qxe4 22.Qxf6 Bb7
23.Qf3 Qe7 24.Qg3+ Kh7 25.Rc7 Qxc7  1-0

[Event "Botvinnik 100th Open"]
[Site "St Petersburg RUS"]
[Date "2011.08.13"]
[Round "2"]
[White "Ovod,E"]
[Black "Tkachev,I"]
[Result "1-0"]
[WhiteElo "2420"]
[BlackElo "2047"]

1.d4 Nf6 2.Bg5 d5 3.Bxf6 exf6 4.g3 c6 5.Bg2 Bf5 6.Nf3 Qb6 7.Qc1 c5 8.e3 Nc6
9.O-O Be7 10.Nc3 Rd8 11.Na4 Qa5 12.Nxc5 Bxc5 13.dxc5 Qxc5 14.c3 a5 15.Nd4 Be6
16.Rd1 O-O 17.Qc2 Ne5 18.Nb3 Qc7 19.Rd4 g6 20.Qe2 Nc4 21.Rad1 a4 22.Nc1 a3
23.bxa3 Nxa3 24.Qb2 Nc4 25.Qb4 Ne5 26.Bxd5 Bxd5 27.Rxd5 Rxd5 28.Rxd5 Qc6
29.Rd6 Nf3+ 30.Kh1 Qc8 31.Kg2 Ng5 32.g4 f5 33.Rd5 Rd8 34.Rxd8+ Qxd8 35.Qd4 Qc8
36.Qd5 Ne4 37.gxf5 Nxc3 38.Qf3 Qxf5 39.Qxf5 gxf5 40.Kf1 Kg7 41.Ke1 f4 42.Kd2 Ne4+
43.Ke2 fxe3 44.Kxe3 Ng5 45.Nd3 Kf6 46.Nc5 b5 47.f4 Ne6 48.Ne4+ Kf5 49.Nd6+ Kg4
50.Nxb5 Nc5 51.Nd6 f5 52.h3+ Kxh3 53.Kf3 Nd3 54.Nxf5 Ne1+ 55.Ke4 Nc2 56.a4 h5
57.a5 Nb4 58.Kf3 h4 59.Ne3 Kh2 60.Ng4+ Kg1 61.f5 Nc6 62.a6 Nd4+ 63.Kf4 h3
64.a7 Ne2+ 65.Kg5  1-0

[Event "Botvinnik 100th Open"]
[Site "St Petersburg RUS"]
[Date "2011.08.15"]
[Round "4"]
[White "Vlasenko,M"]
[Black "Yemelin,V"]
[Result "0-1"]
[WhiteElo "2371"]
[BlackElo "2592"]

1.d4 Nf6 2.Bg5 d5 3.e3 Nbd7 4.Nf3 c5 5.c3 e6 6.Nbd2 h6 7.Bh4 Be7 8.Bd3 b6
9.Ne5 Nxe5 10.dxe5 Nd7 11.Bg3 Qc7 12.f4 Bb7 13.Qe2 O-O-O 14.c4 h5 15.cxd5 exd5
16.h4 c4 17.Bf5 g6 18.Bxd7+ Qxd7 19.Nf3 Qg4 20.Kf2 Bc5 21.Rhd1 Kb8 22.Nd4 Qxe2+
23.Kxe2 Bc8 24.b4 Bg4+ 25.Kf2 Bxd1 26.Nc6+ Kb7 27.Nxd8+ Rxd8 28.bxc5 Bg4
29.cxb6 axb6 30.Kf1 c3 31.Be1 Rc8 32.Rc1 c2 33.Bd2 Ka6 34.e4 dxe4 35.Re1 Rd8  0-1

[Event "10th Lichtenberger Sommer"]
[Site "Berlin GER"]
[Date "2011.08.17"]
[Round "5.8"]
[White "Schulz,M1"]
[Black "Oberhofer,A"]
[Result "1/2-1/2"]
[WhiteElo "2233"]
[BlackElo "2308"]

1.d4 d5 2.Bg5 Nf6 3.Bxf6 exf6 4.e3 f5 5.c4 dxc4 6.Bxc4 Bd6 7.Nc3 O-O 8.Nf3 Nd7
9.O-O a6 10.Bd3 Nf6 11.Qc2 g6 12.Rac1 Re8 13.Rfe1 Bd7 14.e4 fxe4 15.Nxe4 Bc6
16.Nxf6+ Qxf6 17.Be4 Bxe4 18.Rxe4 Rad8 19.Rce1 Rxe4 20.Qxe4 c6 21.h4 h5 22.g3 Bf8
23.Re3 Rd6 24.Rb3 Re6 25.Qd3 Qe7 26.Kg2 Bg7 27.Qc4 Qd7 28.Ng5 Re7 29.Rd3 Qd6
30.d5 Bxb2 31.dxc6 Qxc6+ 32.Qxc6 bxc6 33.Rd8+ Kg7 34.Ra8 Rc7 35.Rxa6 c5 36.Rb6 Bd4
37.Rd6 Bb2 38.Rb6 Be5 39.f4 Bd4 40.Rd6 Re7 41.a4 Bf6 42.Rc6  1/2-1/2

[Event "6th Ptuj Open"]
[Site "Ptuj SLO"]
[Date "2011.08.17"]
[Round "8"]
[White "Jezidzic,G"]
[Black "Skrinjar,M"]
[Result "1/2-1/2"]
[WhiteElo "2216"]
[BlackElo "2072"]

1.d4 Nf6 2.Bg5 g6 3.Nf3 Bg7 4.Nbd2 O-O 5.e3 d6 6.Be2 c6 7.O-O Qc7 8.c3 Nbd7
9.Qc2 e5 10.Rad1 Nh5 11.dxe5 dxe5 12.Ne4 Ndf6 13.Nfd2 h6 14.Bh4 g5 15.Nxf6+ Nxf6
16.Bg3 Nd5 17.Bc4 Bg4 18.Rde1 Kh8 19.f3 Bh5 20.e4 Bg6 21.Bxd5 cxd5 22.Qb3 Rad8
23.Rd1 dxe4 24.Nxe4 f5 25.Nd2 Rf6 26.Nc4 Rxd1 27.Rxd1 f4 28.Nxe5 Qxe5 29.Bf2 Qc7
30.h4 b6 31.hxg5 hxg5 32.Qd5 Rf5 33.Qe6 Qf7 34.Qc8+ Kh7 35.Rd7 Qe8 36.Rd8 Qe7
37.Rd7 Qe8 38.Rd8 Qf7 39.Rd7 Qg8 40.Rd8 Rf8 41.Qh3+ Bh6 42.Rd7+ Rf7 43.Rd6 Qe8
44.a4 Qe7 45.Rd5 Qb7 46.Qe6 Re7 47.Qf6 Re1+ 48.Bxe1 Qxd5 49.Bf2 Qf7 50.Qd8 Bf5
51.Bd4 Kg6 52.a5 bxa5 53.Qxa5 Qe6 54.Qxa7 Qe1+ 55.Kh2 g4 56.fxg4 Qg3+ 57.Kg1  1/2-1/2

[Event "SS Manhem GM"]
[Site "Gothenburg SWE"]
[Date "2011.08.18"]
[Round "6"]
[White "Richter,Mic"]
[Black "Bejtovic,J"]
[Result "1/2-1/2"]
[WhiteElo "2488"]
[BlackElo "2415"]

1.d4 Nf6 2.Bg5 g6 3.Bxf6 exf6 4.e3 Bg7 5.Bd3 d6 6.Ne2 Nd7 7.Nd2 c6 8.h4 f5
9.h5 Nf6 10.Ng3 Be6 11.c3 Qd7 12.Qc2 Nd5 13.c4 Nb4 14.Qb3 Nxd3+ 15.Qxd3 Qe7
16.Ne2 c5 17.Nf3 O-O 18.Nf4 Rfd8 19.hxg6 hxg6 20.O-O d5 21.cxd5 Bxd5 22.Nxd5 Rxd5
23.Qa3 Qd6 24.dxc5 Qxc5 25.b4 Qc3 26.Qxc3 Bxc3 27.Rab1 Rb5 28.Rb3 Bf6 29.a4 Rd5
30.Rc1 Rad8 31.Rbb1 a6 32.b5 axb5 33.axb5 R8d6 34.Rb3 Rb6 35.Rcb1 Rc5 36.g3 Rc2
37.Ne1 Rd2 38.Rd3 Rd6 39.Rxd6 Rxd6 40.Kf1 Rd2 41.Rb3 Kf8 42.Nd3 Rc2 43.Ra3 Rc3
44.Rxc3 Bxc3 45.Nc5 Ke7 46.Ke2 Bb4 47.Nd3 Bd6 48.Nc1 Ke6 49.Kd3 Kd5 50.Nb3 Bc7
51.Kc3 g5 52.Kd3 Bb6 53.Nd4 f4 54.gxf4 gxf4 55.e4+ Ke5 56.Nf3+ Kd6 57.Nd4 Ke5
58.Nf3+  1/2-1/2

[Event "10th Lichtenberger Sommer"]
[Site "Berlin GER"]
[Date "2011.08.19"]
[Round "7.41"]
[White "Franzke,A"]
[Black "George,Tom"]
[Result "1/2-1/2"]
[WhiteElo "1981"]
[BlackElo "1839"]

1.d4 Nf6 2.Bg5 c5 3.Bxf6 gxf6 4.d5 Qb6 5.Qc1 f5 6.g3 Bg7 7.c3 d6 8.Bh3 e6
9.Nf3 Nd7 10.O-O Nf6 11.Qg5 Rg8 12.Nbd2 Nxd5 13.e4 h6 14.Qh4 Bf6 15.Qh5 Nf4
16.Qxh6 Nxh3+ 17.Qxh3 Rh8 18.Qg2 e5 19.Nc4 Qc7 20.Rad1 Be7 21.Nh4 Be6  1/2-1/2

[Event "ch-FRA National B"]
[Site "Caen FRA"]
[Date "2011.08.19"]
[Round "5"]
[White "Shirazi,K"]
[Black "Prie,E"]
[Result "0-1"]
[WhiteElo "2352"]
[BlackElo "2490"]

1.d4 Nf6 2.Bg5 d5 3.c3 Nbd7 4.Nd2 h6 5.Bh4 e5 6.dxe5 Nxe5 7.Ngf3 Ng6 8.Bg3 Nh5
9.e4 Nxg3 10.hxg3 dxe4 11.Qa4+ Bd7 12.Qxe4+ Qe7 13.O-O-O Qxe4 14.Nxe4 O-O-O
15.Bc4 f5 16.Ned2 Bc5 17.Bf7 Nf8 18.Rhf1 g5 19.Nb3 Bd6 20.Rfe1 Rh7 21.Bd5 b6
22.Ne5 Bxe5 23.Rxe5 c6 24.Bg8 Ng6 25.Bxh7 Nxe5 26.Nd4 Rf8 27.f4 Ng4 28.fxg5 hxg5
29.Rf1 Nh2 30.Re1 c5 31.Ne6 Rf7 32.Bg8 Bxe6 33.Rxe6 Rg7 34.Rh6 Ng4 35.Be6+ Kc7
36.Rh8 Ne3 37.Rf8 Kd6 38.Bc8 Ke7 39.Rh8 f4 40.Bb7 fxg3 41.Rh3 Kf6 42.Bc6 Rc7
43.Ba8 Rd7 44.b4 Rd1+ 45.Kb2 Rd2+ 46.Kb1 g4 47.Rh1 Kg5 48.bxc5 bxc5 49.Rh8 Nxg2
50.Rg8+ Kf4 51.Rf8+ Ke3  0-1

[Event "20th Kaerntner Chess Summer"]
[Site "Feffernitz AUT"]
[Date "2011.08.21"]
[Round "2"]
[White "Kesik,KD"]
[Black "Lakovic,Igor"]
[Result "1-0"]
[WhiteElo "2210"]
[BlackElo "1998"]

1.d4 Nf6 2.Bg5 d5 3.Bxf6 gxf6 4.e3 c5 5.c3 e6 6.g3 Qb6 7.Qd2 cxd4 8.cxd4 Bg7
9.Ne2 O-O 10.Bg2 Nd7 11.Nbc3 f5 12.O-O Nf6 13.Na4 Qd6 14.Rfc1 Bd7 15.Nc5 Bc6
16.Nf4 Rfc8 17.Qd1 b6 18.Ncd3 Be8 19.h3 Kh8 20.Ne5 Ng8 21.Nfd3 f6 22.Nf3 Nh6
23.Nh4 Nf7 24.Nf4 Ng5 25.Bf1 Kg8 26.Bg2 Ne4 27.Nf3 Bf7 28.h4 Qd7 29.Nd2 Qe8
30.Rxc8 Rxc8 31.Rc1 Nd6 32.Bf1 e5 33.Nd3 Bh6 34.Rxc8 Nxc8 35.Qc2 f4 36.exf4 exf4
37.Nxf4 Bxf4 38.gxf4 Qd7 39.f5 Nd6 40.Bd3 Qe7 41.Qd1 Kh8 42.b3 Qf8 43.Qg4 Qh6
44.Nf1 Bh5 45.Qg3 Qg7 46.Ne3 Bf3 47.Kh2 Qxg3+ 48.fxg3 Kg7 49.g4 h5 50.g5 Be4
51.Bxe4 dxe4 52.g6 b5 53.Kg3 a5 54.Kf4 a4 55.bxa4 bxa4 56.Nd5 a3 57.Ne3 Nb5
58.Nc2 Nc3 59.Nb4 Kf8 60.d5  1-0

[Event "XLV Mislata Open A"]
[Site "Mislata ESP"]
[Date "2011.08.21"]
[Round "9"]
[White "Martinez Lopez,J"]
[Black "Corona Gentil,J"]
[Result "1/2-1/2"]
[WhiteElo "2116"]
[BlackElo "2112"]

1.d4 d5 2.Bg5 Nf6 3.Bxf6 exf6 4.e3 g6 5.g3 Bg7 6.Bg2 c6 7.Ne2 O-O 8.O-O Na6
9.b3 Nc7 10.c4 Be6 11.Nd2 Qd7 12.Re1 Rad8 13.c5 f5 14.b4 Ne8 15.a4 h5 16.h4 Nf6
17.b5 Rb8 18.Qc2 Rfc8 19.Reb1 Qe8 20.Ra3 Bd7 21.Qc3 Bf8 22.Nf4 Ne4 23.Nxe4  1/2-1/2

[Event "Manhattan Open"]
[Site "New York USA"]
[Date "2011.08.21"]
[Round "9"]
[White "Quan Zhe"]
[Black "Benjamin,Joe"]
[Result "1-0"]
[WhiteElo "2412"]
[BlackElo "2553"]

1.d4 Nf6 2.Bg5 d5 3.Bxf6 exf6 4.e3 Nd7 5.g3 f5 6.Bg2 Nf6 7.Ne2 Bd6 8.c4 dxc4
9.Nd2 c6 10.O-O Be6 11.Qc2 O-O 12.Nxc4 Bc7 13.Rac1 a5 14.b3 Re8 15.Nc3 Qe7
16.Rfd1 Rad8 17.Nd2 Bd6 18.Na4 Ba3 19.Nb2 Bd5 20.Ndc4 Bxb2 21.Nxb2 Bxg2 22.Kxg2 Ne4
23.Nd3 Rd6 24.Ne5 Rh6 25.h4 f6 26.Qc4+ Kf8 27.Nf3 g5 28.hxg5 fxg5 29.d5 c5
30.Rh1 Rd6 31.a3 Nxf2 32.Kxf2 Qxe3+ 33.Kg2 g4 34.Ne1 Qd2+ 35.Kf1 Re3 36.Rxh7 Kg8
37.Rxb7 Qh2 38.Qf4 Qe2+ 39.Kg1  1-0

[Event "4th Jessie Gilbert Open"]
[Site "Coulsdon ENG"]
[Date "2011.08.22"]
[Round "3"]
[White "Lock,G"]
[Black "Buyandalai,Tumen"]
[Result "1/2-1/2"]
[WhiteElo "2194"]
[BlackElo "2082"]

1.d4 Nf6 2.Bg5 g6 3.Bxf6 exf6 4.e3 Bg7 5.c4 d6 6.Nc3 Nc6 7.g3 Ne7 8.Bg2 c6
9.Nge2 Rb8 10.b4 h5 11.b5 h4 12.a4 Bg4 13.Qb3 h3 14.Be4 d5 15.cxd5 cxd5 16.Bd3 b6
17.O-O Bf3 18.Rfc1 f5 19.a5 g5 20.axb6 axb6 21.Na2 O-O 22.Nb4 Qd6 23.Nc6 Rb7
24.Qb4 Qe6 25.Nxe7+ Qxe7 26.Qxe7 Rxe7 27.Rc6 f4 28.gxf4 Bxe2 29.Bxe2 gxf4
30.Ra3 Rfe8 31.Bf3 fxe3 32.fxe3 Rxe3 33.Rxe3 Rxe3 34.Bxd5 Bxd4 35.Kf1 Re5
36.Rd6 Rf5+ 37.Ke1 Kg7 38.Be4 Bc3+ 39.Kd1 Rxb5 40.Rd3 Be5 41.Rxh3 Rb2 42.Bc2 Ra2
43.Rh7+ Kg8 44.Rh5 Bc3 45.Rf5 Ra1+ 46.Ke2 Rh1 47.Bb3 Rxh2+ 48.Kd3 Rh3+ 49.Kc2 Bh8
50.Bxf7+ Kf8  1/2-1/2

[Event "ch-FRA Accession"]
[Site "Caen FRA"]
[Date "2011.08.23"]
[Round "7.1"]
[White "Collas,D"]
[Black "Tirard,H"]
[Result "1/2-1/2"]
[WhiteElo "2399"]
[BlackElo "2470"]

1.d4 Nf6 2.Bg5 c5 3.Bxf6 gxf6 4.d5 f5 5.c4 Bg7 6.Qc2 Qa5+ 7.Nd2 d6 8.e3 Na6
9.Ne2 b5 10.Nc3 b4 11.Nb5 Qd8 12.a3 bxa3 13.Rxa3 Nb4 14.Qb1 a6 15.Nc3 O-O
16.Be2 Rb8 17.O-O e6 18.Bf3 Qf6 19.Rd1 Bb7 20.Nf1 Rfd8 21.Rd2 Qh4 22.Be2 Kh8
23.Qd1 Qe7 24.Ng3 Bh6 25.Nh5 e5 26.Bf1 Rg8 27.Ne2 Rg6 28.Neg3 f4 29.exf4 exf4
30.Nf5 Qg5 31.Nxh6 Rxh6 32.Be2 Rg8 33.g3 Bc8 34.Kh1 fxg3 35.Rxg3 Qh4 36.b3 Bf5
37.Qa1+ f6 38.Rxg8+ Kxg8 39.Qg1+ Rg6 40.Ng3 Be4+ 41.f3 Bc2 42.Bd1 Bxd1 43.Rxd1 Nc2
44.Rd2 Nd4 45.Qe1 Kf8 46.Rd3 Nf5 47.Kg2 Rh6 48.Qg1 Qh3+ 49.Kf2 Nd4 50.Nf1 Qf5
51.Qg4 Rxh2+ 52.Nxh2 Qxd3 53.Qc8+ Ke7 54.Qc7+ Ke8 55.Qc8+ Kf7 56.Qd7+ Kg8
57.Qc8+ Kg7 58.Qd7+ Kg6 59.Qg4+ Kh6 60.Qh3+ Kg7 61.Qd7+  1/2-1/2

[Event "11th Metropolitan Invitational"]
[Site "Los Angeles USA"]
[Date "2011.08.26"]
[Round "6"]
[White "Siddharth,R"]
[Black "Gareev,T"]
[Result "0-1"]
[WhiteElo "2387"]
[BlackElo "2613"]

1.d4 Nf6 2.Bg5 d5 3.Bxf6 gxf6 4.c4 dxc4 5.e3 Be6 6.Qc2 c5 7.dxc5 Qa5+ 8.Nd2 Nc6
9.Nf3 Nb4 10.Qc3 Nd3+ 11.Bxd3 Qxc3 12.bxc3 cxd3 13.O-O O-O-O 14.Rfb1 Bd5
15.c4 Bc6 16.Nd4 Ba4 17.Rb4 Bc2 18.Rc1 Rxd4 19.exd4 Bh6  0-1

[Event "3rd Senica Open"]
[Site "Senica SVK"]
[Date "2011.08.26"]
[Round "7.6"]
[White "Helsen,S"]
[Black "Sosovicka,J"]
[Result "0-1"]
[WhiteElo "2076"]
[BlackElo "2175"]

1.d4 Nf6 2.Bg5 c5 3.Bxf6 gxf6 4.d5 Qb6 5.Qc1 f5 6.Nd2 Bg7 7.c3 d6 8.g3 Qd8
9.Nh3 Nd7 10.Nf4 Ne5 11.Qc2 Ng6 12.Bh3 e6 13.Rd1 Nxf4 14.Qa4+ b5 15.Qxf4 Bb7
16.e4 Be5 17.Qh6 Qf6 18.Qxf6 Bxf6 19.O-O exd5 20.Bxf5 dxe4 21.Nxe4 Bxe4 22.Bxe4 O-O-O
23.a4 b4 24.cxb4 Bxb2 25.bxc5 dxc5 26.Rxd8+ Rxd8 27.Bxh7 Rd2 28.Bf5+ Kd8
29.Bg4 Bd4 30.Rd1 Ra2 31.h4 Ke7 32.Re1+ Kf6 33.Re2 Rxa4 34.Kg2 a5 35.Bf3 Rb4
36.Ra2 c4 37.Rxa5 Rb2 38.g4 Rxf2+ 39.Kg3 c3 40.Kf4 c2 41.Ra6+ Kg7 42.Rc6 Bb2
43.Ke4  0-1

[Event "1st Alghero Open"]
[Site "Alghero ITA"]
[Date "2011.08.27"]
[Round "2.9"]
[White "Ibba,I"]
[Black "Braga,F"]
[Result "0-1"]
[WhiteElo "2191"]
[BlackElo "2447"]

1.d4 Nf6 2.Bg5 d5 3.Qd3 e6 4.f3 c5 5.c3 Nc6 6.e3 Be7 7.Nd2 O-O 8.f4 Rb8 9.Ngf3 b5
10.dxc5 Bxc5 11.e4 Be7 12.Bxf6 Bxf6 13.e5 Be7 14.Nd4 Bd7 15.N2b3 b4 16.Qh3 bxc3
17.Bd3 g6 18.bxc3 Nxd4 19.cxd4 Ba4 20.Rb1 Bxb3 21.axb3 Qa5+ 22.Ke2 Qa2+ 23.Ke3 Rxb3
24.Rxb3 Qxb3 25.Rb1 Qc3 26.Rb7 Bb4 27.Kf2 Qd2+ 28.Kg1 Qd1+ 29.Bf1 Qxd4+ 30.Kh1 Bc5  0-1